[Event "EYCC 2024 - O14"]
[Site "?"]
[Date "2024.08.22"]
[Round "1.9"]
[White "Haug, Havard"]
[Black "Zmarzly, Wiktor"]
[Result "1-0"]
[BlackElo "1924"]
[WhiteElo "2315"]
[LiveChessVersion "1.4.8"]

1. e4 {[%clk 1:30:50]} c5 {[%clk 1:30:40]} 2. c3 {[%clk 1:31:09]} d5
{[%clk 1:30:52]} 3. exd5 {[%clk 1:31:37]} Qxd5 {[%clk 1:31:16]} 4. d4
{[%clk 1:31:50]} Bf5 {[%clk 1:31:13]} 5. Nf3 {[%clk 1:30:03]} Nc6
{[%clk 1:31:18]} 6. Be3 {[%clk 1:30:17]} cxd4 {[%clk 1:31:39]} 7. Nxd4
{[%clk 1:30:43]} Nf6 {[%clk 1:31:56]} 8. Be2 {[%clk 1:23:34]} Nxd4
{[%clk 1:29:54]} 9. cxd4 {[%clk 1:22:59]} Qxg2 {[%clk 1:23:27]} 10. Bf3
{[%clk 1:22:20]} Qh3 {[%clk 1:23:38]} 11. Bxb7 {[%clk 1:13:27]} Rd8
{[%clk 1:19:13]} 12. Nc3 {[%clk 1:08:09]} e5 {[%clk 1:09:29]} 13. Bc6+
{[%clk 1:04:30]} Bd7 {[%clk 1:09:04]} 14. Qf3 {[%clk 1:04:36]} Qe6
{[%clk 0:59:56]} 15. Bxd7+ {[%clk 0:59:22]} Nxd7 {[%clk 0:56:51]} 16. d5
{[%clk 0:53:15]} Qa6 {[%clk 0:53:47]} 17. Qe2 {[%clk 0:51:23]} Qa5
{[%clk 0:50:33]} 18. Qb5 {[%clk 0:48:52]} Bb4 {[%clk 0:49:16]} 19. Qxa5
{[%clk 0:48:59]} Bxa5 {[%clk 0:49:41]} 20. Bxa7 {[%clk 0:45:45]} Nf6
{[%clk 0:46:43]} 21. O-O {[%clk 0:45:09]} Nxd5 {[%clk 0:44:48]} 22. Nxd5
{[%clk 0:45:13]} Rxd5 {[%clk 0:45:12]} 23. a3 {[%clk 0:44:50]} Ke7
{[%clk 0:40:23]} 24. b4 {[%clk 0:44:42]} Bc7 {[%clk 0:38:54]} 25. Bc5+
{[%clk 0:42:25]} Ke6 {[%clk 0:37:43]} 26. a4 {[%clk 0:41:27]} Ra8
{[%clk 0:36:35]} 27. Rfc1 {[%clk 0:41:20]} f5 {[%clk 0:35:32]} 28. b5
{[%clk 0:39:39]} e4 {[%clk 0:32:28]} 29. b6 {[%clk 0:36:50]} Be5 {[%clk 0:30:48]}
30. b7 {[%clk 0:34:07]} Rb8 {[%clk 0:30:45]} 31. Rab1 {[%clk 0:34:33]} Rd7
{[%clk 0:30:20]} 32. Rb6+ {[%clk 0:34:59]} Kd5 {[%clk 0:27:30]} 33. Be3
{[%clk 0:35:06]} Bd4 {[%clk 0:23:09]} 34. Rb5+ {[%clk 0:33:52]} Ke6
{[%clk 0:21:49]} 35. Rc6+ {[%clk 0:33:32]} Kf7 {[%clk 0:21:14]} 36. Bxd4
{[%clk 0:33:53]} 1-0

[Event "EYCC 2024 - O14"]
[Site "?"]
[Date "2024.08.22"]
[Round "1.10"]
[White "Basha, Lir"]
[Black "Korchynskyi, Mykola"]
[Result "0-1"]
[BlackElo "2312"]
[WhiteElo "1923"]
[LiveChessVersion "1.4.8"]

1. e4 {[%clk 1:30:59]} e6 {[%clk 1:30:43]} 2. d4 {[%clk 1:31:26]} d5
{[%clk 1:31:10]} 3. exd5 {[%clk 1:31:53]} exd5 {[%clk 1:31:31]} 4. Nf3
{[%clk 1:32:20]} Nc6 {[%clk 1:31:48]} 5. c3 {[%clk 1:29:46]} Bd6 {[%clk 1:30:24]}
6. Bd3 {[%clk 1:29:36]} Nge7 {[%clk 1:30:46]} 7. Qc2 {[%clk 1:28:16]} Bg4
{[%clk 1:25:44]} 8. Nbd2 {[%clk 1:27:17]} Qd7 {[%clk 1:24:08]} 9. O-O
{[%clk 1:26:54]} O-O-O {[%clk 1:23:34]} 10. b4 {[%clk 1:23:02]} Ng6
{[%clk 1:21:48]} 11. h3 {[%clk 1:16:07]} Be6 {[%clk 1:22:09]} 12. b5
{[%clk 1:11:27]} Nce7 {[%clk 1:21:16]} 13. Ng5 {[%clk 0:45:35]} Nf4
{[%clk 1:19:14]} 14. Nxe6 {[%clk 0:36:29]} fxe6 {[%clk 1:18:04]} 15. Nf3
{[%clk 0:34:13]} Rdf8 {[%clk 0:40:31]} 16. Bxf4 {[%clk 0:33:07]} Rxf4
{[%clk 0:37:42]} 17. Rfe1 {[%clk 0:28:38]} Rxf3 {[%clk 0:24:18]} 18. gxf3
{[%clk 0:28:49]} Rf8 {[%clk 0:23:51]} 19. Qe2 {[%clk 0:27:23]} Rf6
{[%clk 0:23:08]} 20. f4 {[%clk 0:11:10]} Bxf4 {[%clk 0:18:29]} 21. Qg4
{[%clk 0:10:56]} Ng6 {[%clk 0:17:37]} 22. Re2 {[%clk 0:09:25]} Bd6
{[%clk 0:16:46]} 23. Kh1 {[%clk 0:06:08]} Nf4 {[%clk 0:09:39]} 24. Re3
{[%clk 0:06:33]} Qf7 {[%clk 0:08:18]} 25. Rae1 {[%clk 0:05:20]} h5
{[%clk 0:08:13]} 26. Qg5 {[%clk 0:03:50]} Nxd3 {[%clk 0:08:17]} 27. Rxd3
{[%clk 0:04:15]} Rxf2 {[%clk 0:08:09]} 28. Qe3 {[%clk 0:03:12]} Rh2+
{[%clk 0:08:25]} 29. Kg1 {[%clk 0:03:29]} Qg6+ {[%clk 0:08:49]} 30. Kf1
{[%clk 0:03:44]} Qg2# {[%clk 0:09:14]} 0-1

[Event "EYCC 2024 - O14"]
[Site "?"]
[Date "2024.08.22"]
[Round "1.11"]
[White "Delgerdalai, Bayarjavkhlan"]
[Black "Simonsen, David Mindestrommen"]
[Result "1-0"]
[BlackElo "1922"]
[WhiteElo "2278"]
[LiveChessVersion "1.4.8"]

1. e4 {[%clk 1:30:58]} c5 {[%clk 1:30:45]} 2. Nf3 {[%clk 1:31:22]} d6
{[%clk 1:30:50]} 3. d4 {[%clk 1:31:26]} cxd4 {[%clk 1:31:15]} 4. Nxd4
{[%clk 1:31:50]} Nf6 {[%clk 1:31:37]} 5. Nc3 {[%clk 1:32:16]} a6 {[%clk 1:31:49]}
6. Bc4 {[%clk 1:32:37]} e6 {[%clk 1:31:38]} 7. Bb3 {[%clk 1:32:59]} Nbd7
{[%clk 1:31:50]} 8. Qe2 {[%clk 1:31:52]} Nc5 {[%clk 1:29:39]} 9. g4
{[%clk 1:22:17]} h6 {[%clk 1:20:57]} 10. f3 {[%clk 1:22:17]} Be7 {[%clk 1:20:23]}
11. Be3 {[%clk 1:22:31]} Qc7 {[%clk 1:19:35]} 12. O-O-O {[%clk 1:13:04]} g5
{[%clk 1:12:38]} 13. h4 {[%clk 1:10:46]} Rg8 {[%clk 1:07:31]} 14. Kb1
{[%clk 1:07:00]} Bd7 {[%clk 1:04:54]} 15. Bf2 {[%clk 1:02:21]} b5
{[%clk 1:02:42]} 16. a3 {[%clk 0:56:34]} Rb8 {[%clk 0:49:56]} 17. hxg5
{[%clk 0:47:07]} hxg5 {[%clk 0:50:07]} 18. Bg3 {[%clk 0:40:55]} Na4
{[%clk 0:46:06]} 19. Na2 {[%clk 0:22:05]} Nb6 {[%clk 0:38:02]} 20. e5
{[%clk 0:17:55]} Nfd5 {[%clk 0:38:19]} 21. Bxd5 {[%clk 0:16:13]} Nxd5
{[%clk 0:38:33]} 22. exd6 {[%clk 0:15:50]} Bxd6 {[%clk 0:38:40]} 23. Bxd6
{[%clk 0:14:40]} Qxd6 {[%clk 0:39:02]} 24. Nf5 {[%clk 0:15:03]} Qc5
{[%clk 0:36:57]} 25. Qe5 {[%clk 0:14:23]} Rc8 {[%clk 0:35:13]} 26. Rxd5
{[%clk 0:10:15]} Qxd5 {[%clk 0:35:35]} 27. Rh8 {[%clk 0:09:54]} Qd1+
{[%clk 0:30:54]} 28. Nc1 {[%clk 0:10:22]} Qxc2+ {[%clk 0:31:14]} 29. Ka2
{[%clk 0:10:51]} 1-0

[Event "EYCC 2024 - O14"]
[Site "?"]
[Date "2024.08.22"]
[Round "1.12"]
[White "Morard, Ambroise"]
[Black "Breuil, Virgile"]
[Result "1/2-1/2"]
[BlackElo "2251"]
[WhiteElo "1920"]
[LiveChessVersion "1.4.8"]

1. e4 {[%clk 1:30:59]} e5 {[%clk 1:30:47]} 2. Nf3 {[%clk 1:31:24]} Nc6
{[%clk 1:31:05]} 3. Bb5 {[%clk 1:31:50]} a6 {[%clk 1:31:15]} 4. Ba4
{[%clk 1:32:15]} Nf6 {[%clk 1:31:20]} 5. d3 {[%clk 1:32:24]} d6 {[%clk 1:29:34]}
6. c3 {[%clk 1:31:45]} Be7 {[%clk 1:28:58]} 7. Nbd2 {[%clk 1:30:42]} O-O
{[%clk 1:28:03]} 8. O-O {[%clk 1:29:34]} h6 {[%clk 1:26:01]} 9. Re1
{[%clk 1:28:30]} Nh7 {[%clk 1:15:46]} 10. Nf1 f5 {[%clk 1:08:27]} 11. exf5
{[%clk 1:24:23]} Bxf5 {[%clk 1:08:43]} 12. h3 {[%clk 1:19:03]} Bg6
{[%clk 1:04:52]} 13. Ng3 {[%clk 1:17:24]} Kh8 {[%clk 1:04:05]} 14. d4
{[%clk 1:15:10]} exd4 {[%clk 0:56:36]} 15. Bxc6 {[%clk 1:14:06]} bxc6
{[%clk 0:54:23]} 16. Nxd4 {[%clk 1:14:27]} Qd7 {[%clk 0:51:30]} 17. Nxc6
{[%clk 1:13:12]} Bf6 {[%clk 0:49:13]} 18. Ne5 {[%clk 1:09:43]} Bxe5
{[%clk 0:45:40]} 19. Rxe5 {[%clk 1:10:07]} Qf7 {[%clk 0:43:25]} 20. Re2
{[%clk 1:09:39]} Nf6 {[%clk 0:43:20]} 21. Qd4 {[%clk 1:03:13]} Rad8
{[%clk 0:36:34]} 22. Be3 {[%clk 1:00:15]} Nd5 {[%clk 0:33:23]} 23. Rae1
{[%clk 0:46:43]} Nxe3 {[%clk 0:33:20]} 24. Qxe3 {[%clk 0:47:06]} Qxa2
{[%clk 0:32:13]} 25. Qe6 {[%clk 0:47:11]} Qxe6 {[%clk 0:30:46]} 26. Rxe6
{[%clk 0:47:19]} Kh7 {[%clk 0:29:25]} 27. Re7 {[%clk 0:46:55]} c5
{[%clk 0:26:48]} 28. Ra7 {[%clk 0:45:33]} Ra8 {[%clk 0:27:05]} 29. Rd7
{[%clk 0:45:51]} Rfd8 {[%clk 0:25:41]} 30. Ree7 {[%clk 0:46:09]} Rxd7
{[%clk 0:26:07]} 31. Rxd7 {[%clk 0:46:18]} Rb8 {[%clk 0:26:29]} 32. Rxd6
{[%clk 0:45:57]} Rxb2 {[%clk 0:26:54]} 33. Rxa6 {[%clk 0:46:21]} Rc2
{[%clk 0:26:18]} 34. Ra3 {[%clk 0:46:39]} c4 {[%clk 0:26:13]} 35. f3
{[%clk 0:46:30]} Rb2 {[%clk 0:22:48]} 36. Ne4 {[%clk 0:42:55]} Rb3
{[%clk 0:21:47]} 37. Ra7 {[%clk 0:43:14]} Bxe4 {[%clk 0:22:07]} 38. fxe4
{[%clk 0:43:39]} Rxc3 {[%clk 0:22:31]} 39. Rc7 {[%clk 0:44:05]} Kg6
{[%clk 0:21:04]} 40. Kf2 {[%clk 0:44:18]} Kf6 {[%clk 0:20:39]} 41. Rc5
{[%clk 0:43:44]} g5 {[%clk 0:19:29]} 42. Ke2 {[%clk 0:42:38]} h5 {[%clk 0:15:40]}
43. Rf5+ {[%clk 0:41:45]} Kg6 {[%clk 0:16:00]} 44. Rc5 {[%clk 0:41:57]} h4
{[%clk 0:13:37]} 45. Kf2 {[%clk 0:42:08]} Rc1 {[%clk 0:13:32]} 46. Rc6+
{[%clk 0:42:04]} Kf7 {[%clk 0:12:39]} 47. Rc5 {[%clk 0:42:07]} Kf6
{[%clk 0:13:03]} 48. Rf5+ {[%clk 0:42:32]} Kg6 {[%clk 0:13:29]} 49. Rc5
{[%clk 0:42:58]} c3 {[%clk 0:13:49]} 50. Rc6+ {[%clk 0:42:06]} Kf7
{[%clk 0:14:10]} 51. Rc5 {[%clk 0:42:27]} Kf6 {[%clk 0:14:36]} 52. Rf5+
{[%clk 0:42:51]} Kg6 {[%clk 0:14:58]} 53. Rc5 {[%clk 0:43:19]} c2
{[%clk 0:14:49]} 54. Rc6+ Kf7 {[%clk 0:15:11]} 55. Rc8 {[%clk 0:43:18]} Ke6
{[%clk 0:14:58]} 56. Rc7 {[%clk 0:43:43]} Ke5 {[%clk 0:14:25]} 57. Rc8
{[%clk 0:44:08]} Kf4 {[%clk 0:13:33]} 58. Rf8+ {[%clk 0:44:28]} Kxe4
{[%clk 0:11:18]} 59. Re8+ {[%clk 0:44:54]} Kd5 {[%clk 0:11:39]} 60. Rd8+
{[%clk 0:45:08]} Ke6 {[%clk 0:12:03]} 61. Rc8 {[%clk 0:45:34]} Kf7
{[%clk 0:11:23]} 62. Rc6 {[%clk 0:45:22]} Kg7 {[%clk 0:11:34]} 63. Rc7+
{[%clk 0:45:37]} Kg6 {[%clk 0:11:59]} 64. Rc8 {[%clk 0:45:37]} g4
{[%clk 0:11:42]} 65. hxg4 {[%clk 0:46:02]} Kg5 {[%clk 0:12:06]} 66. Rg8+
{[%clk 0:46:16]} Kf4 {[%clk 0:11:54]} 67. Rf8+ {[%clk 0:46:42]} Kxg4
{[%clk 0:12:08]} 68. Rg8+ {[%clk 0:47:11]} Kf5 {[%clk 0:12:29]} 69. Rf8+
{[%clk 0:47:36]} Ke6 {[%clk 0:12:35]} 70. Rc8 {[%clk 0:48:02]} Kd6
{[%clk 0:11:52]} 71. Rc3 {[%clk 0:48:26]} h3 {[%clk 0:11:21]} 72. Kg3
{[%clk 0:48:41]} Ke5 {[%clk 0:10:45]} 73. Kh2 {[%clk 0:48:36]} Kd4
{[%clk 0:10:45]} 74. Rc8 {[%clk 0:49:00]} hxg2 1/2-1/2

[Event "EYCC 2024 - O14"]
[Site "?"]
[Date "2024.08.22"]
[Round "1.13"]
[White "Villa Tornero, Alex"]
[Black "Moldovan, Lucas Gabriel"]
[Result "1-0"]
[BlackElo "1919"]
[WhiteElo "2241"]
[LiveChessVersion "1.4.8"]

1. c4 {[%clk 1:30:28]} e5 {[%clk 1:30:29]} 2. g3 {[%clk 1:30:37]} Nc6
{[%clk 1:30:33]} 3. Bg2 {[%clk 1:30:55]} g6 {[%clk 1:30:29]} 4. Nc3
{[%clk 1:31:04]} Bg7 {[%clk 1:29:59]} 5. Nf3 {[%clk 1:29:44]} d6 {[%clk 1:29:14]}
6. d3 {[%clk 1:29:07]} Nge7 {[%clk 1:28:21]} 7. O-O {[%clk 1:25:20]} O-O
{[%clk 1:26:05]} 8. Rb1 {[%clk 1:24:18]} a5 {[%clk 1:22:27]} 9. a3
{[%clk 1:23:59]} f5 {[%clk 1:14:13]} 10. Bd2 {[%clk 1:09:39]} h6 {[%clk 1:01:39]}
11. b4 {[%clk 1:06:51]} axb4 {[%clk 1:00:41]} 12. axb4 {[%clk 1:07:09]} Qe8
{[%clk 1:01:00]} 13. Nd5 {[%clk 1:01:14]} Nxd5 {[%clk 0:56:43]} 14. cxd5
{[%clk 0:58:29]} Ne7 {[%clk 0:57:03]} 15. Qc1 {[%clk 0:58:34]} Nxd5
{[%clk 0:49:41]} 16. Bxh6 {[%clk 0:58:25]} c6 {[%clk 0:45:01]} 17. Bxg7
{[%clk 0:56:33]} Kxg7 {[%clk 0:44:22]} 18. b5 {[%clk 0:53:28]} Bd7
{[%clk 0:39:06]} 19. Ng5 {[%clk 0:52:21]} Ne7 {[%clk 0:24:11]} 20. bxc6
{[%clk 0:52:07]} bxc6 {[%clk 0:24:40]} 21. Rb7 {[%clk 0:43:42]} Rb8
{[%clk 0:21:04]} 22. Qb2 {[%clk 0:43:10]} Rxb7 {[%clk 0:13:36]} 23. Qxb7
{[%clk 0:43:38]} Bc8 {[%clk 0:13:42]} 24. Qb3 {[%clk 0:39:04]} Qd7
{[%clk 0:08:28]} 25. Ra1 {[%clk 0:39:13]} Qc7 {[%clk 0:07:07]} 26. Ra8
{[%clk 0:39:10]} d5 {[%clk 0:05:07]} 27. Qa3 Kh6 {[%clk 0:04:21]} 28. Ra7
{[%clk 0:39:11]} Qb8 {[%clk 0:04:18]} 29. Qxe7 {[%clk 0:39:10]} 1-0

[Event "EYCC 2024 - O14"]
[Site "?"]
[Date "2024.08.22"]
[Round "1.14"]
[White "Kviriashvili, Andria"]
[Black "Pycinski, Wladyslaw"]
[Result "0-1"]
[BlackElo "2237"]
[WhiteElo "1918"]
[LiveChessVersion "1.4.8"]

1. e4 {[%clk 1:30:56]} e5 {[%clk 1:30:35]} 2. Nf3 {[%clk 1:31:19]} Nc6
{[%clk 1:30:41]} 3. Bb5 {[%clk 1:31:44]} a6 {[%clk 1:31:00]} 4. Bxc6
{[%clk 1:32:09]} dxc6 {[%clk 1:30:50]} 5. O-O {[%clk 1:32:33]} Qf6
{[%clk 1:31:10]} 6. d4 {[%clk 1:31:41]} exd4 {[%clk 1:31:26]} 7. Bg5
{[%clk 1:29:31]} Qd6 {[%clk 1:31:17]} 8. Nxd4 {[%clk 1:27:46]} Be7
{[%clk 1:29:50]} 9. Be3 {[%clk 1:18:20]} Nf6 {[%clk 1:19:16]} 10. f3
{[%clk 1:17:44]} c5 {[%clk 1:18:40]} 11. Nb3 {[%clk 1:15:27]} Qc6
{[%clk 1:03:06]} 12. c4 {[%clk 0:53:18]} Be6 {[%clk 0:49:02]} 13. Qe2
{[%clk 0:48:10]} O-O-O {[%clk 0:44:49]} 14. Nc3 {[%clk 0:46:41]} b6
{[%clk 0:35:35]} 15. a4 {[%clk 0:41:40]} a5 {[%clk 0:30:30]} 16. Bf4
{[%clk 0:28:15]} Rd7 {[%clk 0:23:14]} 17. Nd5 {[%clk 0:23:51]} Bd8
{[%clk 0:21:07]} 18. Nc1 {[%clk 0:15:12]} Re8 {[%clk 0:17:34]} 19. Qc2
{[%clk 0:10:42]} Ng8 {[%clk 0:17:18]} 20. Nd3 {[%clk 0:07:25]} f6
{[%clk 0:17:17]} 21. Rad1 {[%clk 0:07:50]} Ne7 {[%clk 0:15:57]} 22. Bg3
{[%clk 0:06:39]} Ng6 {[%clk 0:15:05]} 23. Rfe1 {[%clk 0:06:35]} Rf8
{[%clk 0:13:33]} 24. b3 {[%clk 0:01:25]} Rdf7 {[%clk 0:09:00]} 25. N3f4
{[%clk 0:01:06]} Nxf4 {[%clk 0:08:49]} 26. Nxf4 {[%clk 0:01:31]} Bd7
{[%clk 0:08:31]} 27. Rd2 {[%clk 0:01:55]} g5 {[%clk 0:06:19]} 28. Nd5
{[%clk 0:01:58]} f5 {[%clk 0:06:00]} 29. exf5 {[%clk 0:02:17]} Bxf5
{[%clk 0:06:14]} 30. Qc3 {[%clk 0:02:45]} Re8 {[%clk 0:05:16]} 31. Rde2
{[%clk 0:01:45]} Rxe2 {[%clk 0:04:27]} 32. Rxe2 {[%clk 0:02:14]} Be6
{[%clk 0:04:15]} 33. Qe5 {[%clk 0:02:28]} Bxd5 {[%clk 0:04:23]} 34. cxd5
{[%clk 0:02:54]} Qd7 {[%clk 0:04:39]} 35. Rd2 {[%clk 0:00:51]} Bf6
{[%clk 0:04:28]} 36. Qe2 {[%clk 0:00:37]} Bd4+ {[%clk 0:03:49]} 37. Bf2
{[%clk 0:00:39]} Qxd5 {[%clk 0:03:18]} 38. Bxd4 {[%clk 0:00:38]} cxd4
{[%clk 0:03:42]} 39. Qa6+ {[%clk 0:00:40]} Kb8 {[%clk 0:03:31]} 40. Re2
{[%clk 0:01:06]} Rd7 {[%clk 0:03:23]} 41. Qd3 {[%clk 0:01:02]} Kb7
{[%clk 0:03:17]} 42. Kf2 {[%clk 0:00:53]} h5 {[%clk 0:02:03]} 43. Re4
{[%clk 0:00:35]} Ka7 {[%clk 0:01:52]} 44. h4 {[%clk 0:00:36]} gxh4
{[%clk 0:01:36]} 45. Rxh4 {[%clk 0:01:02]} Qc5 {[%clk 0:00:59]} 46. Re4
{[%clk 0:00:49]} Qf5 {[%clk 0:00:42]} 47. Ke2 {[%clk 0:00:49]} Qg5
{[%clk 0:00:49]} 48. Kf2 {[%clk 0:00:45]} Rg7 {[%clk 0:01:02]} 49. Qxd4
{[%clk 0:00:32]} Qxg2+ {[%clk 0:01:24]} 50. Ke3 {[%clk 0:00:41]} Qg1+
{[%clk 0:00:58]} 51. Kd3 {[%clk 0:01:07]} Qb1+ {[%clk 0:01:05]} 52. Kc4
{[%clk 0:00:32]} Rg5 {[%clk 0:01:12]} 53. Re5 {[%clk 0:00:31]} Qc2+
{[%clk 0:01:31]} 54. Kd5 {[%clk 0:00:55]} Rg6 {[%clk 0:01:13]} 55. Re6
{[%clk 0:00:31]} Qxb3+ {[%clk 0:01:37]} 0-1

[Event "EYCC 2024 - O14"]
[Site "?"]
[Date "2024.08.22"]
[Round "1.15"]
[White "Zakin, Ilay"]
[Black "Krivka, Matej"]
[Result "0-1"]
[BlackElo "1917"]
[WhiteElo "2235"]
[LiveChessVersion "1.4.8"]

1. e4 {[%clk 1:30:57]} c5 {[%clk 1:30:53]} 2. Nf3 {[%clk 1:31:22]} d6
{[%clk 1:31:10]} 3. Bb5+ {[%clk 1:31:41]} Bd7 {[%clk 1:31:19]} 4. Bxd7+
{[%clk 1:32:03]} Qxd7 {[%clk 1:31:44]} 5. O-O {[%clk 1:32:21]} Nc6
{[%clk 1:31:39]} 6. c3 {[%clk 1:32:42]} d5 {[%clk 1:31:27]} 7. exd5
{[%clk 1:24:28]} Qxd5 {[%clk 1:31:37]} 8. d4 {[%clk 1:22:52]} e6 {[%clk 1:31:08]}
9. Qa4 {[%clk 1:10:49]} Nf6 {[%clk 1:13:02]} 10. Rd1 {[%clk 1:07:38]} Rd8
{[%clk 1:07:40]} 11. Na3 {[%clk 0:47:57]} Be7 {[%clk 1:00:06]} 12. Be3
{[%clk 0:44:59]} O-O {[%clk 0:51:49]} 13. dxc5 {[%clk 0:42:42]} Qh5
{[%clk 0:50:57]} 14. b4 {[%clk 0:32:22]} Nd5 {[%clk 0:45:52]} 15. Rd3
{[%clk 0:27:56]} Qg6 {[%clk 0:38:24]} 16. Rad1 {[%clk 0:26:02]} Nf4
{[%clk 0:36:13]} 17. Bxf4 {[%clk 0:20:23]} Rxd3 {[%clk 0:36:30]} 18. Nd4
{[%clk 0:13:33]} Rxd1+ {[%clk 0:35:42]} 19. Qxd1 {[%clk 0:14:02]} Rd8
{[%clk 0:33:03]} 20. Qe1 {[%clk 0:06:23]} Nxd4 {[%clk 0:32:08]} 21. cxd4
{[%clk 0:06:52]} Rxd4 {[%clk 0:31:18]} 22. Be3 {[%clk 0:07:09]} Rd8
{[%clk 0:27:27]} 23. Nc4 {[%clk 0:05:37]} Qc2 {[%clk 0:23:26]} 24. Nd2
{[%clk 0:06:06]} Bf6 {[%clk 0:23:16]} 25. Qe2 {[%clk 0:04:38]} Bc3
{[%clk 0:22:37]} 26. Qc4 {[%clk 0:05:02]} Rxd2 {[%clk 0:22:09]} 27. g3
{[%clk 0:04:49]} Bf6 {[%clk 0:20:36]} 28. Qb5 {[%clk 0:04:32]} Rd8
{[%clk 0:20:56]} 29. Qxb7 {[%clk 0:04:21]} Qd1+ {[%clk 0:21:12]} 30. Kg2
{[%clk 0:04:50]} Qd5+ {[%clk 0:21:20]} 31. Qxd5 {[%clk 0:05:19]} exd5
{[%clk 0:21:42]} 32. b5 {[%clk 0:05:40]} d4 {[%clk 0:21:42]} 33. Bf4
{[%clk 0:06:09]} d3 {[%clk 0:21:27]} 34. Bd2 {[%clk 0:05:58]} Bd4
{[%clk 0:21:19]} 35. c6 {[%clk 0:06:22]} Bb6 {[%clk 0:21:39]} 36. a4
{[%clk 0:06:42]} Re8 {[%clk 0:20:50]} 37. a5 {[%clk 0:06:36]} Bc7
{[%clk 0:20:59]} 38. Kf3 {[%clk 0:05:31]} f5 {[%clk 0:19:28]} 39. Be3
{[%clk 0:05:15]} Bxa5 {[%clk 0:19:20]} 40. h4 {[%clk 0:05:43]} Kf7
{[%clk 0:18:55]} 41. h5 {[%clk 0:05:58]} Rd8 {[%clk 0:18:48]} 0-1

[Event "EYCC 2024 - O14"]
[Site "?"]
[Date "2024.08.22"]
[Round "1.16"]
[White "Martinovic, David"]
[Black "Durucay, Uygar"]
[Result "0-1"]
[BlackElo "2234"]
[WhiteElo "1917"]
[LiveChessVersion "1.4.8"]

1. e4 {[%clk 1:30:57]} c6 {[%clk 1:30:42]} 2. c4 {[%clk 1:31:07]} d5
{[%clk 1:30:45]} 3. cxd5 {[%clk 1:31:26]} cxd5 {[%clk 1:31:06]} 4. exd5
{[%clk 1:31:51]} Nf6 {[%clk 1:31:16]} 5. Nc3 {[%clk 1:31:50]} Nxd5
{[%clk 1:31:31]} 6. Nf3 {[%clk 1:31:54]} e6 {[%clk 1:29:41]} 7. d4
{[%clk 1:29:00]} Nxc3 {[%clk 1:28:29]} 8. bxc3 {[%clk 1:29:20]} Qc7
{[%clk 1:28:49]} 9. Qc2 {[%clk 1:23:50]} Nd7 {[%clk 1:23:24]} 10. Bd3
{[%clk 1:20:34]} Bd6 {[%clk 1:19:11]} 11. O-O {[%clk 1:18:18]} h6
{[%clk 1:18:43]} 12. Re1 {[%clk 1:15:51]} O-O {[%clk 1:16:24]} 13. Bb2
{[%clk 1:01:33]} b6 {[%clk 1:14:57]} 14. Be4 {[%clk 0:52:44]} Rb8
{[%clk 1:09:23]} 15. Re2 {[%clk 0:49:02]} b5 {[%clk 1:08:14]} 16. a4
{[%clk 0:44:09]} a6 {[%clk 1:06:54]} 17. h3 {[%clk 0:40:38]} Nb6 {[%clk 1:05:32]}
18. axb5 {[%clk 0:35:21]} axb5 {[%clk 1:05:45]} 19. Qb3 {[%clk 0:30:53]} f5
{[%clk 0:58:27]} 20. Bd3 {[%clk 0:28:20]} Nd5 {[%clk 0:57:06]} 21. Bxb5
{[%clk 0:25:18]} Nf4 {[%clk 0:55:05]} 22. Re3 {[%clk 0:23:38]} Bb7
{[%clk 0:44:32]} 23. Rae1 {[%clk 0:21:06]} Qf7 {[%clk 0:42:32]} 24. c4
{[%clk 0:02:25]} Qg6 {[%clk 0:41:37]} 25. Nh4 {[%clk 0:01:51]} Qg5
{[%clk 0:40:23]} 26. Rg3 {[%clk 0:00:59]} Qxh4 {[%clk 0:40:40]} 27. d5
{[%clk 0:00:58]} Nh5 {[%clk 0:40:00]} 28. Rge3 {[%clk 0:00:37]} exd5
{[%clk 0:40:01]} 29. cxd5 {[%clk 0:00:45]} Ba6 {[%clk 0:40:06]} 30. Bxa6
{[%clk 0:00:34]} Rxb3 {[%clk 0:40:30]} 31. Rxb3 {[%clk 0:01:01]} Qa4
{[%clk 0:40:33]} 32. Rb6 {[%clk 0:00:38]} Qa5 {[%clk 0:40:57]} 33. Rxd6
{[%clk 0:00:33]} Qxe1+ {[%clk 0:41:20]} 34. Kh2 {[%clk 0:01:00]} Qxf2
{[%clk 0:40:53]} 35. Be5 {[%clk 0:01:03]} Nf4 {[%clk 0:41:17]} 0-1